000 00256nam a2200097Ia 4500
008 220216s9999 xx 000 0 und d
245 0 _aEPDM : a significant competitor
260 _bIRRDB Information Quarterly 1996 Part 4. p1
650 _aEPDM
942 _cJS
999 _c58697
_d58697